Amadís de Gaula y la modernidad (Record no. 172317)

MARC details
000 -LEADER
campo de control de longitud fija 00711nam a22001695i 4500
001 - NÚMERO DE CONTROL
campo de control 172317
003 - IDENTIFICADOR DE NÚMERO DE CONTROL
campo de control ES-MaACL
005 - FECHA Y HORA DE LA ÚLTIMA TRANSACCIÓN
campo de control 20230906214855.0
008 - DATOS DE LONGITUD FIJA--INFORMACIÓN GENERAL
campo de control de longitud fija 090625s2008 sp |||| | spa d
080 ## - NÚMERO DE LA CLASIFICACIÓN DECIMAL UNIVERSAL
Número de la Clasificación Decimal Universal 821.134.2-392"14"
100 1# - ENTRADA PRINCIPAL--NOMBRE DE PERSONA
Nombre de persona Pinto Cañón, Ramiro.
9 (RLIN) 92228
245 10 - MENCIÓN DEL TÍTULO
Título Amadís de Gaula y la modernidad
Resto del título : conferencia impartida el 25 de abril 2008 en homenaje al V centenario de la edición del libro "Amadís de Gaula" de Garci Rodríguez Montalvo en Urueña, Villa del libro (Valladolid) /
Mención de responsabilidad, etc. por Ramiro Pinto Cañón.
260 ## - PUBLICACIÓN, DISTRIBUCIÓN, ETC.
Lugar de publicación, distribución, etc. León :
Nombre del editor, distribuidor, etc. Tertulia Literaria Leonesa,
Fecha de publicación, distribución, etc. [2008]
300 ## - DESCRIPCIÓN FÍSICA
Extensión 32 p. ;
Dimensiones 20 cm.
630 04 - PUNTO DE ACCESO ADICIONAL DE MATERIA--TÍTULO UNIFORME
Título uniforme Amadís de Gaula.
9 (RLIN) 140846
852 ## - LOCALIZACIÓN
Ubicación ES-MaACL
Número de control de estantería 2251-F-21
itemnumber R.144382
Holdings
Estatus retirado Estado de pérdida Estado de daño No para préstamo Colección Biblioteca de origen Biblioteca actual Ubicación en estantería Fecha de adquisición Fuente de adquisición Total de préstamos Signatura topográfica completa Código de barras Visto por última vez Precio de reemplazo Tipo de ítem Koha
        Colección de folletos Biblioteca del Ateneo de Madrid Biblioteca del Ateneo de Madrid Depósito folletos 25/06/2009     2251-F-21 1180832 23/02/2023 23/02/2023 Folleto